000 00392nam a2200145 i 4500
001 29498
003 ES-MaACL
005 20230906154038.0
007 t|
008 030122s1906 sp ||||1| spa d
100 1 _aBark, Ernesto.
_925673
245 1 3 _aEl general Luque y el problema de EspaƱa /
_cErnesto Bark.
260 _aMadrid :
_bDib. Germinal,
_c1906.
852 _aES-MaACL
_jT-1427-F-1
999 _c29498
_d29498